Fr. Conceicao Rodrigues College of Engineering

Micro and smart systems (Record no. 23561)

MARC details
000 -LEADER
fixed length control field 00332nam a2200157Ia 4500
082 ## - DEWEY DECIMAL CLASSIFICATION NUMBER
Classification number 621.381
Item number ANA
100 ## - MAIN ENTRY--PERSONAL NAME
Personal name Ananthasuresh/G.K
245 ## - TITLE STATEMENT
Title Micro and smart systems
260 ## - PUBLICATION, DISTRIBUTION, ETC.
Name of publisher, distributor, etc. Wiley India
Date of publication, distribution, etc. 2010
366 ## - TRADE AVAILABILITY INFORMATION
Publishers's discount category 20
300 ## - PHYSICAL DESCRIPTION
Extent 390
546 ## - LANGUAGE NOTE
Language note ENGLISH
-- TTL
650 ## - SUBJECT ADDED ENTRY--TOPICAL TERM
Topical term or geographic name entry element Micro system
654 ## - SUBJECT ADDED ENTRY--FACETED TOPICAL TERMS
Focus term mciro
942 ## - ADDED ENTRY ELEMENTS (KOHA)
Koha item type BOOK
Holdings
Withdrawn status Lost status Damaged status Not for loan Collection Home library Current library Date acquired Source of acquisition Cost, normal purchase price Inventory number Total Checkouts Full call number Barcode Date last seen Cost, replacement price Price effective from Koha item type
        CRC Fr. Agnel's C.Rodrigues College of Engineering Fr. Agnel's C.Rodrigues College of Engineering 17/03/2023 Book Service Syndicate 415.20 59 dt 11.06.2014   621.381 ANA 23167 17/03/2023 519.00   BOOK